000 00627nam a22001937a 4500
999 _c6041
_d6041
003 AR-CdUCM
008 190313b ||||| |||| 00| 0 spa d
040 _aMUNICIPALIDAD PROVINCIAL DEL CUSCO
_cBIBLIOTECA MUNICIPAL DEL CUSCO
082 _a869.4018 /
_bV65
100 _aVilela, Luis Felipe
_917629
245 _aAntología poética de La Paz :
_bhomenaje a su IV centenario: 1548-1948 /
260 _aLa Paz :
_bUniverso,
_c1950.
300 _a399 páginas ;
_c20 cm.
500 _aDonación familia Nieto
650 _aPoetas bolivianas
_917630
650 _aPoesía boliviana
_92577
942 _2ddc
_cLIBROS
945 _aafb